| 000 | 00520nam a2200181 i 4500 | ||
|---|---|---|---|
| 001 | 43937 | ||
| 003 | ES-MaACL | ||
| 005 | 20231204171112.0 | ||
| 007 | t| | ||
| 008 | 030320s1955 sp ||||1| spa d | ||
| 100 | 1 |
_aCavestany, Pablo, _d1886-1965 _937194 |
|
| 245 | 1 | 0 |
_aDefensa de la Medianía / _cPablo Cavestany. |
| 250 | _a[1ª ed.]. | ||
| 260 |
_aBarcelona : _bJuventud, _c[1955] ( _fCasa Provincial de Caridad) |
||
| 300 |
_a221 p. ; _c17 cm. |
||
| 852 |
_aES-MaACL _jC-10774 _bR.38523 |
||
| 999 |
_c43937 _d43937 |
||